Use Somebody - Kings Of Leon - All Lyrics - Statistics

General Stats
  • This quiz has been taken 533 times
  • The average score is 104 of 158
Answer Stats
Answer % Correct
I
99%
somebody
95%
Somebody
95%
use
95%
You
95%
you
95%
know
87%
could
86%
that
85%
like
84%
all
83%
and
82%
see
82%
around,
80%
been
80%
I've
80%
Someone
80%
down
77%
the
77%
lookin'
75%
me
69%
always
64%
can't
63%
roamin'
63%
faces
61%
at
56%
how
55%
it
53%
places
53%
to
51%
in
50%
of
48%
reach
46%
Painted
44%
speak
43%
I'm
42%
I’m
42%
it's
42%
make
42%
under
39%
cover
38%
fill
37%
gonna
37%
up,
36%
notice
35%
hope
34%
night,
30%
now
29%
Off
29%
off
29%
street
28%
lovers
26%
sleep
25%
live
24%
ready
24%
beat
23%
Countless
23%
while
22%
poet
19%
shape
14%
wars
12%
Wagin'
10%
No matching quizzes found
Score Distribution
Percent of People with Each Score
Percentile by Number Answered
Your Score History
You have not taken this quiz